000
00270nam a22001097a 4500
008
170118b xxu||||| |||| 00| 0 eng d
020
_a
0840022166
041
_a
eng
080
_2
2ND
_a
618.2
245
_a
CONTEMPORARY MEDICAL-SURGICAL NURSING
_c
DANIELS, R
942
_2
udc
_c
BK
999
_c
3113
_d
3113